LEADER 01026nam a2200277 i 4500 001 991001290909707536 008 970308s1949 cn |00 0 eng d 035 $ab1020006x-39ule_inst 040 $aDip.to Fisica$bita 084 $a510.53 084 $a515'.63 084 $aQA433 084 $aAMS 53A45 100 1 $aSynge, John Lighton$0463412 245 10$aTensor calculus /$cJ.L. Synge and A. Schild 260 $aToronto :$bUniversity of Toronto Press,$c1949 300 $aix, 324 p. :$bill. ;$c23 cm 650 4$aCalculus of tensors 700 1 $aSchild, A. 907 $a.b1020006x$b21-10-15$c27-06-02 912 $a991001290909707536 945 $aLE006 510.50/510.53 SYN$g1$i2006000022750$lle006$o-$pE0.00$q-$rl$s- $t0$u0$v0$w0$x0$y.i10247245$z27-06-02 945 $aLE013 Fondo Cattaneo 53A SYN11 (1949)$g1$i2013000226583$lle013$og$pE15.46$q-$rn$s- $t1$u0$v0$w0$x0$y.i15682705$z23-06-15 996 $aTensor calculus$9190831 997 $aUNISALENTO 998 $ale006$ale013$b01-01-97$cm$da $e-$feng$gcn $h0$i1 LEADER 01402nam 22003733 450 001 9910131990903321 005 20170918200136.0 010 $a88-207-4249-7 035 $a(CKB)3400000000019098 035 $a(ItFiC)it 08604258 035 $a(EXLCZ)993400000000019098 100 $a20110314d2008 uy 0 101 0 $aita 200 10$aPeriferie sociali $eestese, diffuse : Nairobi: Kibera, Bada Dogo, San Salvador: area metropolitana, Roma: Tor Bella Monaca ... /$fFranco Martinelli ; con la collaborazione di Tiziana Cordiani, Giulio Sturabotti 205 $a1. ed. italiana. 210 $aNapoli $cLiguori$d2008 215 $a268 p. $cill 225 0$aProfili.$pSocieta?, territorio e ambiente ;$v21 300 $aF. Martinelli, prof. at the Univ. of Rome. 311 $a88-207-4153-9 320 $aIncludes bibliographical references. 327 $uhttp://www.ilibri.casalini.it/toc/08604258.pdf$3TOC 517 $aPeriferie sociali : estese, diffuse : Nairobi: Kibera, Bada Dogo, San Salvador: area metropolitana, Roma: Tor Bella Monaca ... 517 $aPeriferie sociali 676 $a307 700 $aMartinelli$b Franco$f1933-$0298405 701 $aCordiani$b Tiziana$01237444 701 $aSturabotti$b Giulio$01237445 801 0$bItFiC 801 1$bItFiC 906 $aBOOK 912 $a9910131990903321 996 $aPeriferie sociali$92872582 997 $aUNINA